| 000 | 00730cam a22002531 4500 | ||
|---|---|---|---|
| 001 | 1375 | ||
| 003 | BD-RjUL | ||
| 005 | 20211208233328.0 | ||
| 008 | 131125s19561903enk b 001 0 eng d | ||
| 035 | _a(BD-RjUL) | ||
| 035 | _a(BDjRUL)1397 | ||
| 040 |
_aDLC _cODaWU _dOCoLC _dFTaSU _dBD-RjUL _beng |
||
| 041 | _aeng | ||
| 082 | 4 |
_221 _a 123.5 _bTAE 1956 |
|
| 100 | 1 |
_aTaylor, A. E. _q(Alfred Edward), _d1869-1945. _94071 |
|
| 245 | 1 | 0 |
_aElements of metaphysics / _cby A.E. Taylor. |
| 260 |
_aLondon: _bMethuen, _c1903 [reprented1956] |
||
| 300 |
_avi, 419 p. ; _c23 cm. |
||
| 504 | _aShort bibliographies at end of chapters. | ||
| 650 | 0 |
_aMetaphysics. _92787 |
|
| 942 |
_2ddc _cBK |
||
| 999 |
_c1375 _d1375 |
||